000 00657nam a2200277Ia 4500
005 20260324145853.0
008 008 260324s9999 xx 000 0 eng d
020 _a9781003413967
037 _aEBOOK
040 _aCRL
040 _beng
040 _cCRL
041 _2eng
041 _aeng
084 _qCRL
100 _aKathleen Jones; John Brown; Jonathan Bradshaw
_91224476
245 0 _aIssues in Social Policy
260 _bTaylor and Francis
260 _c1978
365 _a
365 _b150
856 _uhttp://www.taylorfrancis.com/books/9781003413967
942 _cEBOOK
999 _c1832997
_d1832997